Protected areas and biodiversity of Bhutan / (Record no. 3760)

MARC details
000 -LEADER
fixed length control field 00518nam a2200169 4500
001 - CONTROL NUMBER
control field 4537
005 - DATE AND TIME OF LATEST TRANSACTION
control field 20181127173625.0
020 00 - INTERNATIONAL STANDARD BOOK NUMBER
International Standard Book Number 9789993665168
090 00 - LOCALLY ASSIGNED LC-TYPE CALL NUMBER (OCLC); LOCAL CALL NUMBER (RLIN)
Classification number (OCLC) (R) ; Classification number, CALL (RLIN) (NR) 333.95 T3675p 2013
100 00 - MAIN ENTRY--PERSONAL NAME
Personal name Tharchen, Lhendup,
245 00 - TITLE STATEMENT
Title Protected areas and biodiversity of Bhutan /
Remainder of title
Statement of responsibility, etc. Lhendup Tharchen.
Medium
260 00 - PUBLICATION, DISTRIBUTION, ETC.
Place of publication, distribution, etc. Kolkota :
Name of publisher, distributor, etc. Lhendup Tharchen,
Date of publication, distribution, etc. 2013.
300 00 - PHYSICAL DESCRIPTION
Extent 157 p. ; 20 cm.
650 ## - SUBJECT ADDED ENTRY--TOPICAL TERM
Topical term or geographic name entry element Biodiversity conservation --Bhutan.
Form subdivision
General subdivision
Chronological subdivision
Geographic subdivision
Source of heading or term
Topical term or geographic name entry element Protected areas.
Form subdivision
General subdivision
Chronological subdivision
Geographic subdivision
Source of heading or term
Topical term or geographic name entry element Bhutan
General subdivision Biological Diversity.
Holdings
Withdrawn status Lost status Source of classification or shelving scheme Damaged status Not for loan Collection code Home library Current library Shelving location Date acquired Serial Enumeration / chronology Inventory number Total Checkouts Total Renewals Full call number Barcode Date last seen Date last checked out Price effective from Koha item type
    Dewey Decimal Classification     Main TEST RTC Library RTC Library Main opac 08/08/2024 7234 4 1 333.95 THA 30007068 20/08/2024 08/08/2024 27/11/2018 Main
Royal Thimphu College || All Right Reserved